লোডিং...

കണ്ണാടികടൽ./

গ্রন্থ-পঞ্জীর বিবরন
প্রধান লেখক: ബാലകൃഷ്ണൻ, സി. വി
অন্যান্য লেখক: Balakrishnan,C.V
বিন্যাস: Printed Book
প্রকাশিত: Kottayam: D C Books, 2004.
সংস্করন:3rd ed.
বিষয়গুলি:
LEADER 00573cam a2200169ua 4500
020 |a 81-7130-756-6 
082 |a M894.812 371  |b  BAL/K 
100 0 |a ബാലകൃഷ്ണൻ, സി. വി. 
245 1 0 |a കണ്ണാടികടൽ./  
250 |a 3rd ed. 
260 |a Kottayam:  |b D C Books,  |c 2004. 
300 |a 66p.. 
650 0 |a Kannadikkadal   |a Malayalam- novel 
700 |a Balakrishnan,C.V. 
942 |c BK 
999 |c 10259  |d 10259 
952 |0 0  |1 0  |4 0  |6 M_894_812000000000000_371_BAL  |7 0  |9 10705  |a KUCL  |b KUCL  |d 2014-05-23  |l 0  |o M894.812 371 BAL/  |p 12123  |r 2014-05-23  |w 2014-05-23  |y BK